000 00764cam a2200265 4500
001 J2227
008 090401t1994 xxu||||| |||| 00| 0 eng d
035 _a(Sirsi) u47848
041 _aeng
050 _a692.8
090 _aJCT 1994/4A
110 _aJoint Contracts Tribunal
_93664
245 _aStandard form of measured term contract 1989 edition. Amendment 1 issued January 1994.
260 _aLondon
_bRIBA Publications Ltd
_c1994
300 _a8p. ; 30cm.
350 _a0.4
650 _aAMENDMENT 1
650 _aDAYWORK
650 _aJCT STANDARD FORM OF MEASURED TERM CONTRACT
650 _aMEASURED TERM CONTRACTS
650 _aValuation
_96273
690 _aBUILT ENVIRONMENT-BUILDING CONTRACT FORMS
942 _n0
948 _c04/03/1997
999 _c92220
_d92220